Central Library OPAC University of Rajshahi

Introduction to business / (Record no. 53308)

MARC details
000 -LEADER
fixed length control field 00743nam a2200265 a 4500
001 - CONTROL NUMBER
control field 53308
003 - CONTROL NUMBER IDENTIFIER
rucl marc code BD-RjUL
005 - DATE AND TIME OF LATEST TRANSACTION
control field 20211209075936.0
008 - FIXED-LENGTH DATA ELEMENTS--GENERAL INFORMATION
fixed length control field 161005s1977 us a|||| |||| 001 0 eng d
020 ## - INTERNATIONAL STANDARD BOOK NUMBER
International Standard Book Number 0876204809
035 ## - SYSTEM CONTROL NUMBER
System control number (BD-RjUL)53428
040 ## - CATALOGING SOURCE
Original cataloging agency BD-RjUL
Language of cataloging eng
Transcribing agency BD-RjUL
041 ## - LANGUAGE CODE
Language code of text/sound track or separate title eng
082 ## - DEWEY DECIMAL CLASSIFICATION NUMBER
Edition number 23
Classification number 658
Author mark and year PII 1977
100 ## - MAIN ENTRY--PERSONAL NAME
Personal name Pickle, Hal B.
9 (RLIN) 159347
245 ## - TITLE STATEMENT
Title Introduction to business /
Statement of responsibility, etc. Hal B Pickle; Royce L Abrahamson
250 ## - EDITION STATEMENT
Edition statement 3rd ed.
260 ## - PUBLICATION, DISTRIBUTION, ETC. (IMPRINT)
Place of publication, distribution, etc. California :
Name of publisher, distributor, etc. Goodyear publishing,
Date of publication, distribution, etc. c1977
300 ## - PHYSICAL DESCRIPTION
Pagination xxi, 487 p. :
Illustrations ill. ;
Size 24 cm.
500 ## - GENERAL NOTE
General note Includes index
650 ## - SUBJECT ADDED ENTRY--TOPICAL TERM
Topical term or geographic name as entry element Business.
9 (RLIN) 159348
Topical term or geographic name as entry element Management.
9 (RLIN) 172842
700 ## - ADDED ENTRY--PERSONAL NAME
Personal name Abrahamson, Royce L.
942 ## - ADDED ENTRY ELEMENTS (KOHA)
Source of classification or shelving scheme Dewey Decimal Classification
Koha item type Books
Holdings
Lost status Source of classification or shelving scheme Damaged status Not for loan Collection code Permanent Location Current Location Shelving location Date acquired Source of acquisition Total Checkouts Full call number Date last seen Copy number Koha item type
  Dewey Decimal Classification     Non-fiction Central Library, University of Rajshahi Central Library, University of Rajshahi   16/06/1983 Asia foundation, USA   658 PII 1977 05/10/2016 C-2 Books
  Dewey Decimal Classification   Not For Loan Non-fiction Central Library, University of Rajshahi Central Library, University of Rajshahi Reading Room 16/06/1983 Asia foundation   658 PII 1977 27/12/2016 C-1 Books